Slovenské má zelenú

Čerstvé, kvalitné, regionálne - také by mali byť ideálne potraviny. Reťazce hľadajú spôsoby, ako priniesť na pulty čo najviac domácej produkcie. Problémy malých dodávateľov.

Gespeichert in:
Bibliographische Detailangaben
1. Verfasser: Halasová, Henrieta
Format: Buchkapitel
Sprache:Slowakisch
Schlagworte:
Tags: Tag hinzufügen
Keine Tags, Fügen Sie das erste Tag hinzu!

MARC

LEADER 00000naa a2200000 4500
001 0237053
005 20171106132735.3
041 0 |a slo 
044 |a SK 
245 1 0 |a Slovenské má zelenú  |c Henrieta Halasová 
520 |a Čerstvé, kvalitné, regionálne - také by mali byť ideálne potraviny. Reťazce hľadajú spôsoby, ako priniesť na pulty čo najviac domácej produkcie. Problémy malých dodávateľov. 
610 2 0 |a potraviny 
610 2 0 |a výrobky domáce 
610 2 0 |a reťazce obchodné 
610 2 0 |a Slovensko 
100 1 |a Halasová, Henrieta